| 000 | 03582nam0a2200481 4500 | ||
|---|---|---|---|
| 001 | RU\NLR\BIBL_A\012323722 | ||
| 005 | 20260407115653.0 | ||
| 035 | _a(NLR Aleph) 012323722 | ||
| 090 |
_a11435006 _c11435006 |
||
| 100 | _a20200831d1902 |||y0rusy50 ca | ||
| 101 | 0 | _arus | |
| 102 | _aRU | ||
| 105 | _ay z 000zy | ||
| 181 | 0 |
_ai _baxxe |
|
| 182 | 0 | _an | |
| 200 | 1 |
_aОб оставлении в распоряжении Департамента Государственных Земельных Имуществ 12 межевых чинов для завершения землеустроительных работ Европейской России и соответствующего на этот предмет кредита _eпредставление Министра Земледелия и Государственных Имуществ, от 5 Ноября 1902 г., за № 1728, разослано Членам Государственного Совета в печатных экземплярах _fГосударственный Совет в Департаменте Государственной Экономии. Министерство Земледелия и Государственных Имуществ. 21 декабря 1902 года. № 323 |
|
| 203 |
_aТекст _bвизуальный _cнепосредственный |
||
| 210 |
_a[С.-Петербург _cб. и.] _d1902 |
||
| 215 |
_a2 с. _d34 |
||
| 300 | _aВ конце текста: Подписали: Граф Сольский, С. Марков 2, Ф. Тернер [и др.]; Скрепил: Статс-Секретарь Рухлов | ||
| 300 | _aНа с. 1: MCDXLI, 1 | ||
| 309 | _aБез тит. л. и обл. | ||
| 601 | 0 | 1 |
_aРоссия _bМинистерство земледелия и государственных имуществ _jДокументы и материалы _92415702 _3RU\NLR\AUTH\6601657893 |
| 601 | 0 | 1 |
_aРоссия _bГосударственный совет _jДокументы и материалы _91310059 _3RU\NLR\AUTH\66543327 |
| 601 | 0 | 1 |
_aРоссия _bДепартамент государственной экономии _jДокументы и материалы _92388205 _3RU\NLR\AUTH\6601644949 |
| 686 | 3 | _aХ809(2)64,011 | |
| 686 | 3 | _aУ03(2)53-212.11,011 | |
| 686 | 3 | _aХ819(2)011.18,011 | |
| 686 | 3 | _aУ32(28)-212.113.2,011 | |
| 702 | 1 |
_4720 _7ca _8rus _aСольский _bД. М. _cгос. деятель _f1833-1910 _gДмитрий Мартынович _966109 _3RU\NLR\AUTH\7783181 |
|
| 702 | 1 |
_aМарков 2 _bС. _4720 |
|
| 702 | 1 |
_4720 _7ca _8rus _aТернер _bФ. Г. _cгос. деятель _f1828-1906 _gФедор Густавович _9156929 _3RU\NLR\AUTH\770156969 |
|
| 702 | 1 |
_4720 _7ca _8rus _aРухлов _bС. В. _f1852-1918 _gСергей Васильевич _9197465 _3RU\NLR\AUTH\770197516 |
|
| 711 | 0 | 1 |
_aРоссия _bДепартамент государственных земельных имуществ _9354159 _3RU\NLR\AUTH\889929324 |
| 711 | 0 | 1 |
_aРоссия _bМинистерство земледелия и государственных имуществ _9377192 _3RU\NLR\AUTH\889941169 |
| 711 | 0 | 1 |
_aРоссия _bГосударственный совет _9392796 _3RU\NLR\AUTH\889948587 |
| 712 | 0 | 1 |
_4570 _aРоссия _bДепартамент государственной экономии _9362122 _3RU\NLR\AUTH\889933514 |
| 852 |
_aNLR _j135/294-359 (33) |
||
| 942 | _cBOOK | ||
| 980 | _aNB | ||